Antonio Machado y Juan Gris (Record no. 11535)
[ view plain ]
| 000 -LEADER | |
|---|---|
| campo de control de longitud fija | 00964nam a2200289 i 4500 |
| 001 - NÚMERO DE CONTROL | |
| campo de control | 11535 |
| 003 - IDENTIFICADOR DE NÚMERO DE CONTROL | |
| campo de control | ES-MaACL |
| 005 - FECHA Y HORA DE LA ÚLTIMA TRANSACCIÓN | |
| campo de control | 20250814054347.0 |
| 007 - CAMPO FIJO DE DESCRIPCIÓN FÍSICA--INFORMACIÓN GENERAL | |
| campo de control de longitud fija | t| |
| 008 - DATOS DE LONGITUD FIJA--INFORMACIÓN GENERAL | |
| campo de control de longitud fija | 921124s1990 sp ||||0| spa d |
| 016 7# - NÚMERO DE CONTROL DE UNA AGENCIA BIBLIOGRÁFICA NACIONAL | |
| Número de control cancelado/no válido | CHM920010524 |
| 020 ## - NÚMERO INTERNACIONAL ESTÁNDAR DEL LIBRO | |
| Número Internacional Estándar del Libro | 84-7039-588-2 |
| 040 ## - FUENTE DE CATALOGACIÓN | |
| Centro catalogador/agencia de origen | CHM |
| Lengua de catalogación | spa |
| Centro/agencia transcriptor | CHM |
| 080 ## - NÚMERO DE LA CLASIFICACIÓN DECIMAL UNIVERSAL | |
| Número de la Clasificación Decimal Universal | 929 Machado, Antonio |
| 080 ## - NÚMERO DE LA CLASIFICACIÓN DECIMAL UNIVERSAL | |
| Número de la Clasificación Decimal Universal | 929 Gris, Juan |
| 080 ## - NÚMERO DE LA CLASIFICACIÓN DECIMAL UNIVERSAL | |
| Número de la Clasificación Decimal Universal | 061.236.61(460)"19" |
| 100 1# - ENTRADA PRINCIPAL--NOMBRE DE PERSONA | |
| Nombre de persona | García-Diego, José A. |
| 9 (RLIN) | 54541 |
| 245 10 - MENCIÓN DEL TÍTULO | |
| Título | Antonio Machado y Juan Gris |
| Resto del título | : dos artistas masones / |
| Mención de responsabilidad, etc. | José Antonio García-Diego ; prólogo de Pedro Laín Entralgo. |
| 260 ## - PUBLICACIÓN, DISTRIBUCIÓN, ETC. | |
| Lugar de publicación, distribución, etc. | [Madrid] : |
| Nombre del editor, distribuidor, etc. | Castalia, |
| Fecha de publicación, distribución, etc. | D.L. 1990. |
| 300 ## - DESCRIPCIÓN FÍSICA | |
| Extensión | 125 p : |
| Otras características físicas | il ; |
| Dimensiones | 22 cm. |
| 600 14 - PUNTO DE ACCESO ADICIONAL DE MATERIA--NOMBRE DE PERSONA | |
| Nombre de persona | Machado, Antonio, |
| Fechas asociadas al nombre | 1875-1939- |
| Subdivisión general | Biografías |
| 9 (RLIN) | 75153 |
| 600 14 - PUNTO DE ACCESO ADICIONAL DE MATERIA--NOMBRE DE PERSONA | |
| Nombre de persona | Gris, Juan, |
| Fechas asociadas al nombre | 1887-1927- |
| Subdivisión general | Biografías |
| 9 (RLIN) | 60082 |
| 610 24 - PUNTO DE ACCESO ADICIONAL DE MATERIA--NOMBRE DE ENTIDAD CORPORATIVA | |
| Nombre de entidad corporativa o nombre de jurisdicción como elemento de entrada | Masonería |
| 9 (RLIN) | 5658 |
| 700 1# - ENTRADA AGREGADA--NOMBRE PERSONAL | |
| Nombre de persona | Laín Entralgo, Pedro, |
| Fechas asociadas al nombre | 1908-2001 |
| 9 (RLIN) | 69681 |
| 852 ## - LOCALIZACIÓN | |
| Ubicación | ES-MaACL |
| Número de control de estantería | L-18857 |
| Sublocalización o colección | R.119176 |
| Estatus retirado | Estado de pérdida | Estado de daño | No para préstamo | Biblioteca de origen | Biblioteca actual | Ubicación en estantería | Fecha de adquisición | Fuente de adquisición | Total de préstamos | Signatura topográfica completa | Código de barras | Visto por última vez | Precio de reemplazo | Tipo de ítem Koha |
|---|---|---|---|---|---|---|---|---|---|---|---|---|---|---|
| Biblioteca del Ateneo de Madrid | Biblioteca del Ateneo de Madrid | Depósito 2 | 17/01/2008 | L-18857 | 1011758 | 23/02/2023 | 23/02/2023 | Libro impreso |
